000 00285nam a22001337a 4500
008 181011b xxu||||| |||| 00| 0 eng d
020 _a3805534973
041 _aeng
080 _a591
100 _a7
101 _aZOO
245 _aDiseases of the Horse
_cDietz, O
942 _2udc
_cBK
999 _c49446
_d49446